| 000 | 01076cam a2200313 i 4500 | ||
|---|---|---|---|
| 001 | 200459951 | ||
| 003 | TR-AnTOB | ||
| 005 | 20240515102623.0 | ||
| 007 | ta | ||
| 008 | 230905s2023 tu 000 0 tur d | ||
| 020 | _a9786259902517 | ||
| 040 |
_aTR-IsYBT _beng _erda _cTR-IsYBT _dTR-AnTOB |
||
| 041 | 1 |
_atur _hger |
|
| 050 | 0 | 0 |
_aBF173 _b.H4719 2023 |
| 090 | 0 | 0 |
_aBF173 _b.H4719 2023 |
| 100 | 1 |
_aHepp, Johannes, _d1879-1963 _eauthor _9145367 |
|
| 240 | 4 | 0 |
_aDie Psyche des Homo Digitalis. 21 Neurosen, die uns im 21. Jahrhundert herausformdern. _lGermany. |
| 245 | 1 | 0 |
_aHomo Dijital : _b21. yüzyılda bizi zorlayan 21 nevroz/ _cJohannes Hepp ; çevirmen Gonca Gül Kurtulmuş. |
| 250 | _a1. Baskı: Mayıs 2023 | ||
| 264 | 1 |
_aİstanbul : _bSerenad Yayınevi, _c2023. |
|
| 300 |
_a408 pages ; _c21 cm |
||
| 336 |
_atext _btxt _2rdacontent |
||
| 337 |
_aunmediated _bn _2rdamedia |
||
| 338 |
_avolume _bnc _2rdacarrier |
||
| 650 | 7 |
_aPsikanaliz _2etuturkob _97029 |
|
| 700 | 1 |
_aKurtulmuş, Gonca Gül _etranslator _9145368 |
|
| 942 |
_2lcc _cBK |
||
| 999 |
_c200459951 _d78163 |
||